000 00524cam a22002052a 4500
001 011749
003 AR-FADEU
008 311216n1969####xxu####################dd
092 _a371.26
_bT232-3
100 _aTavella, Nicolás M
245 _aLos tests en la escuela
250 _a3a. ed
260 _aBuenos Aires
260 _bEUDEBA
260 _c1969
300 _a56 p. : graf., cuad
440 _aLa escuela en el tiempo cuadernos de la primaria
_n12
650 _aEDUCACION; TEST-ESCUELA
942 _cBDGR
999 _c17522
_d17522